Les 10 pays les plus pauvres du monde - Statistiques

Statistiques générales
  • Ce quiz a été pris 323 fois
  • Le résultat moyen est 4 sur 10
Statistiques - réponses
Classement Pays % Correct
4 République démocratique du Congo
63%
9 Somalie
61%
5 Niger
60%
7 Tchad
38%
10 Madagascar
36%
1 Burundi
35%
2 Centrafrique
30%
8 Malawi
26%
3 Mozambique
24%
6 Liberia
22%
Aucun quiz correspondant
Distribution des résultats
% des personnes avec chaque résultat
Percentile par nombre de réponses
Votre historique - résultats
Vous n’avez pas pris ce quiz